| 000 | 01176nam a22003378i 4500 | ||
|---|---|---|---|
| 001 | 018330120 | ||
| 003 | EG-ScBUE | ||
| 005 | 20220303095044.0 | ||
| 008 | 170420s2017 enk j 000 d eng d | ||
| 020 | _a9780751565362 (pbk.) | ||
| 040 |
_aStDuBDS _beng _erda _cStDuBDS _dEG-ScBUE |
||
| 082 | 0 | 4 |
_a822.92 _222 _bTHO |
| 100 | 1 |
_aThorne, Jack, _eauthor. _934128 |
|
| 245 | 1 | 0 |
_aHarry Potter and the cursed child : _bparts one and two : playscript / _cbased on an original new story by J.K. Rowling, John Tiffany & Jack Thorne ; a play by Jack Thorne. |
| 250 | _aRevised edition. | ||
| 264 | 1 |
_aLondon : _bSphere, _c2017. |
|
| 300 |
_axiii, 329 pages ; _c20 cm |
||
| 336 |
_atext _2rdacontent _btxt |
||
| 337 |
_aunmediated _2rdamedia _bn |
||
| 338 |
_avolume _2rdacarrier _bnc |
||
| 500 | _aPrevious edition: 2016. | ||
| 600 | 1 | 7 |
_aPotter, Harry _c(Fictitious character) _vDrama. _2BUEsh |
| 650 | 7 |
_aWizards _vDrama. _2BUEsh _937454 |
|
| 650 | 7 |
_aFantasy drama. _2BUEsh |
|
| 653 |
_bHHUUEENN _cMarch2022 |
||
| 655 |
_vReading book _934232 |
||
| 700 | 1 |
_aRowling, J. K., _eauthor. |
|
| 700 | 1 |
_aTiffany, John, _d1971- _eauthor. |
|
| 942 |
_2ddc _cBB |
||
| 999 |
_c29834 _d29805 |
||